Statystyki dla JAKIE OWADY DAJĄ SIĘ WE ZNAKI W LESIE?

Kliknij tutaj aby rozwiązać quiz!

Ogólne statystyki

  • Ten quiz został rozwiązany 31 razy
  • Średni wynik to 4 z 5

Statystyki odpowiedzi

Odpowiedź% Poprawnych
KOMARY
100%
MUCHY
88%
KLESZCZE
83%
OSY
58%
BĄKI
29%

Rozkład punktacji

Percentyl według liczby udzielonych odpowiedzi

Procent ludzi z każdym wynikiem

Twoja historia wyników

Nie rozwiązałeś tego quizu